000 00727nam a2200289Ia 4500
005 20260324133700.0
008 008 260324s9999 xx 000 0 eng d
020 _a9781315799827
037 _aEBOOK
040 _aCRL
040 _beng
040 _cCRL
041 _2eng
041 _aeng
084 _qCRL
100 _aMichael Hertica; Christell Quinche; Wendy Deaton
_91193992
245 0 _aCreciendo Libre
245 0 _bManual para Sobrevivientes de la Violencia Doméstica
260 _bTaylor and Francis
260 _c2003
365 _a
365 _b290
856 _uhttp://www.taylorfrancis.com/books/9781315799827
942 _cEBOOK
999 _c1793314
_d1793314